000 01025nam a2200277Ia 4500
003 OSt
005 20221007121720.0
006 a|||||r|||| 00| 0
007 ta
008 221006b |||||||| |||| 00| 0 eng d
020 _a3540605479 (Berlin:hbd)
_cDM 428.00
024 _a5566
037 _bApple,
_cTextual
040 _aBDL
_cBDL
_beng
041 _2eng
_aeng
082 _aJ:(G:F)un1,N86, N6
100 _aBajaj Y P S Ed
245 0 _aBiotechnology in agriculture and forestry ed by Y P S Bajaj
260 _aBerlin
_bSpringer-Verlag
_c1996
490 _vV 35. Trees IV (xix,427p+164 fig+89 tab). This volume has bibliographical reference 421-423p and index 425-427p
500 _a23/CSL/Carb/98-99/6505^d1998-07-27^mPurchase; ; 98-99/306^b1998-11-02^c083/98-99^d1998-10-28^eApple Books; ; 1998-11-12^c1998-12-18^r1999-03-09
650 _a Biotechnology
650 _aAgriculture
942 _hJ:(G:F)un1,N86, N6
_cTEXL
_2CC
999 _c1209234
_d1209234